000 00614nam a2200217Ia 4500
003 OSt
005 20220928140733.0
006 a|||||r|||| 00| 0
007 ta
008 220927b |||||||| |||| 00| 0 eng d
024 _a11465
037 _cTextual
040 _aSDCL
_cSDCL
_beng
041 _2eng
_aeng
082 _aVv51'I, L2
100 _aGreen Louis
_9497360
245 0 _aChronicle into history
_bAn essay on the interpretation of hostory in florentine fourteenth-century chronicles
260 _c1972
942 _hVv51'I, L2
_cTEXL
_2CC
999 _c813895
_d813895